Регионална библиотека "Любен Каравелов" - Русе

Химия (Запис номер 10934)

MARC детайли
000 -Лидер
Контролно поле с фиксирана дължина 01440nam a2200337 c 4500
003 - Код на организацията, давaща контролен номер
Контролно поле BLK
005 - Дата и час на последна редакция
Контролно поле 20180420214607.0
008 - Елементи от данни с фиксирана дължина
fixed length control field 180412b bul|||||r ||||||| ||bul||
010 ## - Наследен системен номер
LC control number KNG00012448000
020 ## - Международен стандартен номер на книга ISBN
Международен стандартен номер на книга ISBN 954-430-370-7
-- издат.: Акад. изд. Проф. Марин Дринов
040 ## - Източник на каталожния запис
Идентификатор на билиотеката - собственик на записа BLK
041 ## - Код за език
Код за езика на текст/звукозапис или на отделно заглавие Български
Код за езика КДБФ Български
080 ## - УДК
Текстов определител УДК Химия. Кристалография. Минералогия. Вж и 577.1; 66; 612.015; 631.41
УДК код - определител по УДК 54
УДК определител (075.3)
УДК - код + определител 54(075.3)
100 1# - Редна дума - Автор
Автор Лазаров, Добри Лазаров
Авторска отговорност първи автор
R(LIN) 247654
139 ## - Редно поле
Редна дума Лазаров, Добри Лазаров и др.
Авторски знак Лаз - Л 14
245 10 - Сведения за заглавието
Заглавие Химия
Подзаглавни данни Наръчник на ученика
Редно поле (дума) Добри Лазаров Лазаров; съавт. Евгени Викторов Головински.
250 ## - Област на изданието
Сведения за изданието 3. прераб. и доп. изд
257 ## - Страна на издаване
Страна на създаване/издаване България
260 ## - Област на издателските данни
-- София
Име на издателя, разпространителя и проч. Акад. изд. Проф. Марин Дринов
Година на издаване 1995
300 ## - Физическа характеристика
Страници 310 с.
Илюстрации и др. с табл., сх.
Размери/Мащаб 22 см
380 ## - Жанр
Жанр Естествени науки. Математика
500 ## - Общи забележки
Забележка 1. изд. 1982 на изд. Нар. просв. - 1 500 тир.
650 #4 - Допълнително описание по предмет – тема
Основно описание – тема или топоним Химия - учебни помагала
9 (RLIN) 244649
653 ## - Ключова дума – ненормативна
Ключова дума химия
700 1# - Други автори (авторска отговорност)
Лично име Головински, Евгени Викторов
Автороска отговорност (Описва отношението между автора и произведението) съавт.
9 (RLIN) 255982
852 ## - Местоположение
Форматна сигнатура Цб 188938
856 4# - Електронен адрес и достъп
Електронен формат pdf - файл
Път до файла /url/
856 4# - Електронен адрес и достъп
Електронен формат pdf - файл
Път до файла /url/
942 ## - АРТИКУЛИ
Вид на библиотечния материал Книги
Скрит в OPAC Не
944 ## - СЪЗДАВАНЕ И РЕДАКЦИЯ на ЗАПИСА
Създаване/Редакция Създаване
Дата на регистрацията/редакция 15.01.2003
Служител, извършил регистрацията/редакцията AB_DOS
944 ## - СЪЗДАВАНЕ И РЕДАКЦИЯ на ЗАПИСА
Създаване/Редакция Редакция
Дата на регистрацията/редакция 14.12.2016
Служител, извършил регистрацията/редакцията Сечил_Томаш
999 ## - СИСТЕМНИ КОНТРОЛНИ НОМЕРА
Koha biblionumber 10934
Koha biblioitemnumber 10934
Наличности
Код за отписване Код за изгубен артикул Източник на класификационната схема Код за повреда Коз за рестрикции Код за отдаване Артикулен № Име на библиотеката - собственик Име на библиотеката, в която се намира в момента Статус (Текущо местоположение) Дата на вписване в системата Местоположение - отдел Цена в лева Инвентарен номер Систематично азбучна сигнатура Баркод Номер на екземпляра Цена в евро Служебен тип на артикула
  Не е изгубен Universal Decimal Classification Не е повреден без рестрикции ползва се в читалня 18988 Регионална библиотека "Любен Каравелов" Русе Регионална библиотека "Любен Каравелов" Русе Хранилище 2001-01-01 Хранилище 0.00 622746 Цб 188938 120000622746 1 0.00 Книги
Vip Innovations Ltd, Rousse, Bulgaria 2025